Normal view MARC view
  • Cardon, Alain,

Entry Nombre Personal

Number of records used in: 1

001 - NUMERO DE CONTROL

  • campo de control: 47755

003 - IDENTIFICADOR DE NUMERO DE CONTROL

  • campo de control: DLC

005 - FECHA Y HORA DE LA ÜLTIMA TRANSACCIÓN

  • campo de control: 20230207094940.0

008 - DATOS DE LONGITUD FIJA

  • campo de control de longitud fija: 160310n| azannaabn |a aaa

010 ## - NÚMERO DE CONTROL DE LA BIBLIOTECA DEL CONGRESO

  • Número de control LC: nb2016005752

035 ## - NUMERO DE CONTROL

  • Número de control: (Uk)009575220

035 ## - NUMERO DE CONTROL

  • Número de control: (OCoLC)oca10416811

040 ## - FUENTE DE CATALOGACIÓN

  • Agencia original de catalogación: Uk
  • Lenguaje de catalogación: spa
  • Description conventions: rda
  • Agencia de transcripción: Uk
  • Agencia que lo modifica: OCoLC
  • Agencia que lo modifica: MX-MxUPN

046 ## - FECHAS CON CODIFICACIÓN ESPECIAL

  • Fecha de nacimiento: 1946-09-08
  • Fuente del formato de fecha: edtf

100 1# - ENCABEZAMIENTO - NOMBRE PERSONAL

  • Nombre personal: Cardon, Alain,
  • Fechas asociadas con el nombre: 1946-

370 ## - LUGAR ASOCIADO

  • Place of birth: París (Francia)
  • Associated country: Francia
  • Other associated place: Rouen (Francia)
  • Fuente del término: naf

372 ## - CAMPO DE ACTIVIDAD

  • Field of activity: Inteligencia artificial
  • Field of activity: Sistemas multiagente
  • Field of activity: Conciencia autómata
  • Fuente del término: lcsh

373 ## - GRUPO ASOCIADO

  • Associated group: Institut national des sciences appliquées de Rouen
  • Fuente del término: naf

374 ## - OCUPACIÓN

  • Occupation: Matemático
  • Fuente del término: lcsh

377 ## - LENGUA ASOCIADA

  • Language code: fre

400 1# - VEÁSE - NOMBRE DE PERSONA

  • Personal name: Cardon, A.,
  • Dates associated with a name: 1946-

670 ## - FUENTE EN LA QUE SE LOCALIZARON DATOS

  • Cita de la fuente: Les nouveaux systèmes autonomes, 2016:
  • Información localizada: portada (Alain Cardon) solapa (investigador INSA de Rouen; profesor; especialista en inteligencia artificial, sistemas multi-agente y conciencia artificial)

670 ## - FUENTE EN LA QUE SE LOCALIZARON DATOS

  • Cita de la fuente: BnF auth. file, viewed 10 March 2016
  • Información localizada: (hdg.: Cardon, Alain, 1946-; born 1946-09-08)

670 ## - FUENTE EN LA QUE SE LOCALIZARON DATOS

  • Cita de la fuente: French Wikipedia, viewed 19 March 2016
  • Información localizada: (Alain Cardon; matemático francés, nacido en 1946 en París; especialista en el campo de la inteligencia artificial)

670 ## - FUENTE EN LA QUE SE LOCALIZARON DATOS

  • Cita de la fuente: Adolescencia y depresión: un abordaje multifocal, 1992:
  • Información localizada: portada (A. Cardon)

902 ## - CATALOGADOR

  • Catalogador: Víctor Ruiz/070223